Statistics for Non-landlocked countries

Click here to take the quiz!

General Stats

  • This quiz has been taken 160 times
    (116 since last reset)
  • The average score is 115 of 152

Answer Stats

Answers % Correct
USA
91%
Canada
89%
Russia
89%
France
88%
Japan
88%
Spain
88%
Italy
87%
Mexico
87%
India
87%
New Zealand
86%
United Kingdom
86%
Sweden
85%
Norway
85%
South Africa
85%
Turkey
85%
Oman
85%
South Korea
85%
Australia
85%
Brazil
84%
China
84%
Vietnam
84%
Yemen
84%
Ireland
84%
Panama
84%
Sri Lanka
82%
Germany
82%
Egypt
82%
Dominica
82%
Finland
82%
Greece
82%
North Korea
82%
Chile
82%
Algeria
82%
Argentina
81%
Thailand
81%
Saudi Arabia
81%
Belize
81%
Iran
81%
Kuwait
80%
Pakistan
80%
Morocco
80%
Bangladesh
80%
Indonesia
80%
Venezuela
80%
Haiti
79%
Netherlands
79%
Jamaica
79%
Peru
79%
Portugal
79%
Estonia
79%
Kenya
79%
Tunisia
78%
Iceland
78%
Somalia
78%
Denmark
78%
Colombia
78%
Latvia
78%
Israel
78%
Angola
78%
Nicaragua
78%
Honduras
78%
Suriname
78%
Singapore
78%
Qatar
78%
Lithuania
77%
Dominican Republic
77%
Costa Rica
77%
Taiwan
77%
Iraq
77%
Mozambique
77%
Ecuador
77%
Madagascar
77%
Guyana
77%
El Salvador
76%
Bahrain
76%
United Arab Emirates
76%
Palau
76%
Fiji
76%
Bahamas
76%
Cambodia
76%
Cuba
76%
Malaysia
76%
Tanzania
76%
Albania
75%
Croatia
75%
Cape Verde
75%
Romania
75%
Guatemala
75%
Libya
75%
Seychelles
74%
Myanmar
74%
Togo
74%
Maldives
74%
Ghana
74%
Malta
74%
Uruguay
74%
Tonga
74%
Samoa
73%
Nigeria
73%
Lebanon
73%
Syria
73%
Senegal
73%
Gambia
73%
Poland
73%
Namibia
73%
Vanuatu
73%
Belgium
73%
Jordan
71%
Brunei
71%
Grenada
71%
Monaco
71%
Djibouti
71%
Eritrea
71%
Trinidad and Tobago
70%
Comoros
70%
Tuvalu
70%
Cote D' Ivoire
70%
Federated States of Micronesia
70%
Slovenia
70%
Nauru
70%
Sudan
70%
East Timor
70%
Bulgaria
70%
Benin
70%
Georgia
70%
Barbados
70%
Bosnia and Herzegovina
69%
Antigua and Barbuda
69%
Solomon Islands
69%
Guinea
69%
Kiribati
68%
Marshall Islands
68%
St Lucia
68%
Sierra Leone
68%
Republic of the Congo
68%
Gabon
68%
Philippines
68%
St Vincent and the Grenadines
67%
St Kitts and Nevis
67%
Guinea Bissau
67%
Cyprus
67%
Montenegro
67%
Papua New Guinea
66%
Mauritius
66%
Equitorial Guinea
65%
Mauritania
65%
Liberia
65%
Sao Tome and Prinicipe
65%
Ukraine
65%
Cameroon
64%
Democratic Republic of the Congo
19%

Score Distribution

Percentile by Number Answered

Percent of People with Each Score

Your Score History

You have not taken this quiz since the last reset